000 00690nam a2200181Ia 4500
008 090123s9999 xx 000 0 und d
082 _b41254
100 _aगाला धिरेन
245 _aघरबसल्या इलाज लोहचुंबक चिकित्सा
250 _a0
260 _bनवनीत प्रकाशन
300 _a122
600 _aगाला धिरेन
630 _aघरबसल्या इलाज लोहचुंबक चिकित्सा
700 _aगाला धिरेन
730 _aघरबसल्या इलाज लोहचुंबक चिकित्सा
942 _cBOOK
999 _c79330
_d79330